000 00629 a2200217 4500
001 116913
020 _a9781625218032
020 _qbroch.
041 _aeng
082 _a636
100 _aStead, Tony.
520 _aWhat would make a better pet, a kitten or a fish? Read the opinions in this book. Then decide: What is the best pet?
697 _aPets - Fiction.
856 _u000027/0000279a.jpg
040 _aBR-BrIDEA
_cBR-BrIDEA
090 _aP Year 1 636
_bSTE
245 1 0 _aWhat is the best pet?
_cTony Stead
260 _aNorth Mankato, Minnesota
_bCapstone
_c2015
300 _a16 p.
_bcol. ill.
942 _cBK
999 _c116913
_d116913